| 000 | 00590nam a2200205Ia 4500 | ||
|---|---|---|---|
| 001 | 13609 | ||
| 003 | GE_BSU | ||
| 008 | 181216s||||||||xx |||||||||||||| ||und|| | ||
| 040 | _cGE_BSU | ||
| 080 | _a621.65(075.8) | ||
| 100 | _aАбдурашитов,С.А. Тупиченков,А.А. Вершинин,И.М. Теменгольц,С.М. | ||
| 245 | _aНасосы и компресоры. | ||
| 245 | _bУчебник. | ||
| 260 | _aМ. | ||
| 260 | _bНедра. | ||
| 260 | _c1974. | ||
| 300 | _a296 стр. 25 см. | ||
| 653 | _aНасосы и компресоры. | ||
| 942 | _cBK | ||
| 999 |
_c46765 _d46765 |
||